000 01954cam a2200349 a 4500
005 20240222115704.0
008 100810s2005||||ag d f |||| 00| 0 spa d
020 _a9509030104
041 _aspa
092 _c614.1
_l47
_sLEN
100 1 _aLencioni, Leo Julio.
_91095
245 _aSexología y Tocoginecología Médico-Legal.
_bTratado para médicos y abogados /
_cLeo Julio Lencioni.
250 _a1a ed.
_bPrólogo de Alfredo Achaval
260 _aRosario [Santa Fe ; Argentina]:
_bCorpus;
_c2005.
300 _a282 p.
500 _aLencioni, L. J. (2005). Sexología y Tocoginecología Médico-Legal. Tratado para médicos y abogados. (1a ed.). Rosario (Santa Fe ; Argentina) : Corpus.
653 _aSexo: la sexología. Los estados intersexuales. Cromosomas
653 _aDesviaciones sexuales. Parafilias
653 _aDelitos contra la integridad sexual: epidemiología, examen de la victima, examen del lugar del hecho
653 _aDelitos contra la integridad sexual: examen genital, violación por vía anal, coito por vía oral, examen psíquico, complicaciones, examen del agresor, laboratorio, mutilaciones genitales
653 _aDelitos contra la integridad sexual: legislación, protocolos para redactar historias clínicas
653 _aAbuso sexual en los niños
653 _aEnfermedades de transmisión sexual: delito de contagio venéreo, legislación
653 _aImpotencia, esterilidad e infertelidad
653 _aTocoginecología médico-legal
653 _aEmbarazo: diagnóstico del embarazo, tiempo de embarazo, duración del embarazo, nacimiento, otros problemas médico-legales
653 _aAborto: epidemiología del aborto criminal, causas del aborto, complicaciones del aborto criminal, sintomatología del aborto, legislación
653 _aFertilización asistida: técnicas de fertilización asistida, aspectos médico-jurídicos
930 _a1321
930 _a1322
942 _2ddc
_cBK
999 _c595
_d595